000 02219cam a2200169 4500500
005 20260201124052.0
041 _afre
042 _adc
100 1 0 _aFlahault, François
_eauthor
245 0 0 _aQuand la science contribue à créer l’ordre du monde
260 _c2016.
500 _a37
520 _aLes sciences économiques décrivent et prescrivent à la fois. Pourquoi mêlent-elles ces deux rôles alors que les autres sciences les distinguent ? Pour répondre à cette question l’auteur commence par rappeler la distinction entre les actes performatifs assumés explicitement et ceux qui sont effectués implicitement sous le couvert d’énoncés descriptifs, comme le font les théories économiques. Il montre ensuite, en prenant l’exemple de représentations sociocosmiques de l’ancienne Égypte, puis de la théologie médiévale comment ces sociétés ont dû, elles aussi, se référer à un ordre qui est, et qui est ce qu’il doit être. La thèse générale de l’article est que les sociétés humaines doivent nécessairement instituer un monde commun, et que, pour assurer la crédibilité de ce cadre, il leur faut faire comme si elles ne l’avaient pas créé.
520 _aEconomic sciences describe and prescribe. Why are these two roles mixed in this case when they are always distinguished in other sciences? To answer this question, the author starts by reminding us of the distinction between acts that are performed explicitly and acts that are performed implicitly, this being done by descriptive enunciations, as it is the case in economic theories. Then, using the examples of socio-cosmic representations in Ancient Egypt and of medieval theology, the author shows how these societies had to refer to an order which is, and which is what it should be. The general thesis of the essay is that human societies must necessarily imagine and create a shared world, and that to ensure its credibility, they have to pretend that they never created it in the first place.
786 0 _nL'Homme & la Société | 197 | 3 | 2016-04-18 | p. 131-146 | 0018-4306
856 4 1 _uhttps://shs.cairn.info/revue-l-homme-et-la-societe-2015-3-page-131?lang=fr&redirect-ssocas=7080
999 _c1642115
_d1642115